Normal view
MARC view
- هيئة الفتوى ولجانها في وزارة الاوقاف والشؤون الاسلامية
Entry Personal Name
001 - CONTROL NUMBER
- control field: 43703
003 - CONTROL NUMBER IDENTIFIER
- control field: JO-AjAnu
005 - DATE AND TIME OF LATEST TRANSACTION
- control field: 20230606081236.0
008 - FIXED-LENGTH DATA ELEMENTS
- fixed length control field: 230606|| aca||aabn | a|a d
040 ## - CATALOGING SOURCE
- Original cataloging agency: JO-AjAnu
- Transcribing agency: JO-AjAnu
100 ## - HEADING--PERSONAL NAME
- Personal name: هيئة الفتوى ولجانها في وزارة الاوقاف والشؤون الاسلامية
670 ## - SOURCE DATA FOUND
- Source citation: Work cat.: (JO-AjAnu)22375: هيئة الفتوى ولجانها في وزارة الاوقاف والشؤون الاسلامية , author, فتاوى المغتربين والمسافرين